मारवाड़ी विरासत/ (Record no. 210549)
[ view plain ]
| 000 -LEADER | |
|---|---|
| fixed length control field | 01084nam a2200181 4500 |
| 005 - DATE AND TIME OF LATEST TRANSACTION | |
| control field | 20250327152243.0 |
| 010 ## - LCCN (DPL NO) | |
| LC control number | HIN-129548 |
| 020 ## - INTERNATIONAL STANDARD BOOK NUMBER | |
| Terms of availability | 2995.00 |
| International Standard Book Number | 9788193514320 |
| 035 ## - SYSTEM CONTROL NUMBER | |
| System control number | HN-101894 |
| 037 ## - SOURCE OF ACQUISITION | |
| Source of stock number/acquisition | DBAD |
| 082 ## - DEWEY DECIMAL CLASSIFICATION NUMBER | |
| Classification number | 305.8914 |
| Edition number | 1 |
| 100 ## - MAIN ENTRY--PERSONAL NAME | |
| Personal name | टकनेत, डी.के. |
| 245 ## - TITLE STATEMENT | |
| Title | मारवाड़ी विरासत/ |
| Statement of responsibility, etc | डी.के. टकनेत |
| 260 ## - PUBLICATION, DISTRIBUTION, ETC. (IMPRINT) | |
| Place of publication, distribution, etc | जयपुर |
| Name of publisher, distributor, etc | इंटरनेशनल इंस्टिट्यूट ऑफ़ मैनेजमेंट एंड इंट्रप्रोंयोशिप्र |
| Date of publication, distribution, etc | 2025 |
| 270 ## - ADDRESS | |
| City | जयपुर |
| Postal code | 302004 |
| Address | आईआईएमई, गेट न.1, लक्ष्मीनारायण मंदिर, जवाहर लाल नेहरु मार्ग |
| Telephone number | 9799398502 |
| -- | 9799398505 |
| -- | 0141-2620111 |
| Electronic mail address | iime.jaipur@gmail.com |
| 300 ## - PHYSICAL DESCRIPTION | |
| Extent | 287पृ |
| Dimensions | 34सी.मी.(साजिल्द) |
| Other physical details | पुस्तक या पत्रिका में आरेखन, आरेख या चित्र |
| 942 ## - ADDED ENTRY ELEMENTS (KOHA) | |
| Source of classification or shelving scheme | Dewey Decimal Classification |
| Item type | Hindi Books |
| Classification part | 305.8914 |
| Call number suffix | टकने |
| Withdrawn status | Lost status | Not for loan | Collection code | Home library | Current library | Date acquired | Source of acquisition | Cost, normal purchase price | Full call number | Barcode | Copy number | Cost, replacement price | Koha item type |
|---|---|---|---|---|---|---|---|---|---|---|---|---|---|
| Not For Loan | Reference | Central Library | Central Library | 27/03/2025 | Delivery of Books Act Division | 2995.00 | 305.8914 टकने | HN-101894 | 1 | 2995.00 | Hindi Books |
